| 000 | 00751nam a2200217Ii 4500 | ||
|---|---|---|---|
| 003 | JO-AjNU | ||
| 008 | 230605s9999||||xx |||||||||||||| ||und|| | ||
| 017 | _a1997/8/1171 | ||
| 040 |
_aJO-AjNU _bara _erda _cJO-AjNU |
||
| 041 | _aara | ||
| 050 | 1 | 4 | _aTA175.W5734 2002 |
| 100 | 3 |
_aالور، فوزي يوسف/ م مشارك خالد محمد سعيد , _eauthor _99930 |
|
| 245 | 0 | 0 | _aالرسم الهندسي لجميع التخصصات الهندسية |
| 250 | _aط2 | ||
| 264 | 3 | 1 | _aعمان:دار الصفاء للنشر، 2002 |
| 300 | _a230ص | ||
| 336 |
_atext _btxt _2rdacontent |
||
| 337 |
_aunmediated _bn _2rdamedia |
||
| 338 |
_avolume _bnc _2rdacarrier |
||
| 650 | 4 |
_aالعلوم التطبيقية-الرسم الهندسي _99931 |
|
| 999 |
_aA1549 _c5117 _d5117 |
||